Introduction to economics

Saved in:
Bibliographic Details
Main Author: Brehm, Carl 1925-
Format: Book
Language:English
Published: New York : Random House, 1970
Subjects:
Tags: Add Tag
No Tags, Be the first to tag this record!

MARC

LEADER 00000nam a2200000 i 4500
001 1/19654
008 960701s1970 eng d
035 |l 10021351 
040 |a GR-MY-UA  |b gre  |e aacr 
041 0 |a eng 
082 0 |a 330 
100 1 |a Brehm, Carl  |d 1925- 
245 1 0 |a Introduction to economics /  |c Carl Brehm 
260 |a New York :   |b Random House,   |c 1970 
300 |a 208 p. 
500 |a Includes index 
650 0 0 |a Economics. 
852 |a INST  |b CHIOS  |e 19960701  |h 330 BRE  |p 005200007388  |q 005200007388  |t BK  |y 0 
909 |a Χ  |b 013182